Những người lao động sáng tạo của thế kỷ T.2 /

Sách giới thiệu về các nhân tài - những con người bằng lao động sáng tạo đã có những đóng góp quan trọng vào quá trình phát triển của lịch sử dân tộc, đất nước.

Sparad:
Bibliografiska uppgifter
Övriga upphovsmän: Hoàng Hưng., Nguyễn Thuỵ Kha., Nguyễn Trọng Tạo.
Materialtyp: Bok
Språk:Vietnamese
Publicerad: Hà Nội : Lao động, 1999.
Ämnen:
Taggar: Lägg till en tagg
Inga taggar, Lägg till första taggen!
Thư viện lưu trữ: Mạng thư viện Đại học Đà Nẵng
LEADER 01247cam a2200373 i 4500
001 000044909
003 3537
005 20030930093137.0
008 010309b1999 vm 000 vie
020 |c 66000 
040 |a IRC  |c IRC  |d IRC 
041 0 |a vie 
082 1 4 |a 928.9592  |b Ng-L 
245 0 6 |a Những người lao động sáng tạo của thế kỷ  |n T.2 /  |c Hoàng Hưng, Nguyễn Thuỵ Kha, Nguyễn Trọng Tạo…chủ biên. 
260 |a Hà Nội :  |b Lao động,  |c 1999. 
300 |a 519tr. ;  |c 19cm. 
520 3 |a Sách giới thiệu về các nhân tài - những con người bằng lao động sáng tạo đã có những đóng góp quan trọng vào quá trình phát triển của lịch sử dân tộc, đất nước. 
630 0 4 |a Văn học. 
630 0 4 |a Nhân tài đất nước. 
630 0 4 |a Nhân vật văn chương. 
650 0 4 |a Văn học  |x Nhân vật. 
700 1 |a Hoàng Hưng. 
700 1 |a Nguyễn Thuỵ Kha. 
700 1 |a Nguyễn Trọng Tạo. 
OWN |a DUT 
999 |a From the UDN01 
TYP |a Monograph 
TYP |a Printed language 
980 |a Mạng thư viện Đại học Đà Nẵng